<?xml version="1.0" encoding="UTF-8"?>
<record
    xmlns:xsi="http://www.w3.org/2001/XMLSchema-instance"
    xsi:schemaLocation="http://www.loc.gov/MARC21/slim http://www.loc.gov/standards/marcxml/schema/MARC21slim.xsd"
    xmlns="http://www.loc.gov/MARC21/slim">

  <leader>00795nam a22001937a 4500</leader>
  <datafield tag="999" ind1=" " ind2=" ">
    <subfield code="c">174387</subfield>
    <subfield code="d">174387</subfield>
  </datafield>
  <controlfield tag="005">20200611125045.0</controlfield>
  <datafield tag="010" ind1=" " ind2=" ">
    <subfield code="a">UR-10786</subfield>
  </datafield>
  <datafield tag="020" ind1=" " ind2=" ">
    <subfield code="c">500.00</subfield>
    <subfield code="a">9789387248410</subfield>
  </datafield>
  <datafield tag="035" ind1=" " ind2=" ">
    <subfield code="a">U-9341</subfield>
  </datafield>
  <datafield tag="037" ind1=" " ind2=" ">
    <subfield code="b">DBAD/PUB</subfield>
  </datafield>
  <datafield tag="082" ind1=" " ind2=" ">
    <subfield code="a">927.44</subfield>
  </datafield>
  <datafield tag="100" ind1=" " ind2=" ">
    <subfield code="a">&#x63A;&#x648; &#x62B;&#x64A;&#x6C1; &#x628;&#x627; &#x646;&#x648; </subfield>
  </datafield>
  <datafield tag="245" ind1=" " ind2=" ">
    <subfield code="a">&#x639;&#x6C1;&#x62F; &#x639;&#x62B;&#x645;&#x627; &#x646;&#x6CC; &#x6A9;&#x6D2; &#x641;&#x631; &#x627; &#x645;&#x64A;&#x646; &#x648; &#x62F; &#x633;&#x62A;&#x627; &#x648; &#x64A;&#x632; &#x627; &#x62A; &#x6A9;&#x627; &#x644;&#x633;&#x627; &#x646;&#x6CC; &#x648; &#x627; &#x633;&#x644;&#x648; &#x628;&#x64A;&#x627; &#x62A;&#x6CC; &#x645;&#x637;&#x627; &#x644;&#x639;&#x6C1; </subfield>
    <subfield code="c">&#x63A;&#x648; &#x62B;&#x64A;&#x6C1; &#x628;&#x627; &#x646;&#x648; </subfield>
  </datafield>
  <datafield tag="246" ind1=" " ind2=" ">
    <subfield code="b">Ahdy Usmani Ke Farameen o Dastavezaat Ka Lisaani o Uslobiyati Mutalia  (Urdu)</subfield>
    <subfield code="a">by Ghousia Banu </subfield>
  </datafield>
  <datafield tag="260" ind1=" " ind2=" ">
    <subfield code="a">Hyderabad</subfield>
    <subfield code="b">Tanveer Publishers</subfield>
    <subfield code="c">2019 &#x621;</subfield>
  </datafield>
  <datafield tag="270" ind1=" " ind2=" ">
    <subfield code="a">11-6-837,2nd Floor,Sana Appartment Red Hills,</subfield>
    <subfield code="b">Hyderabad,Telangana ,</subfield>
    <subfield code="e">-</subfield>
    <subfield code="k">917207838273</subfield>
    <subfield code="l">-</subfield>
  </datafield>
  <datafield tag="300" ind1=" " ind2=" ">
    <subfield code="a">328 &#x635; </subfield>
    <subfield code="c">22 Cm(Hb)</subfield>
  </datafield>
  <datafield tag="942" ind1=" " ind2=" ">
    <subfield code="2">ddc</subfield>
    <subfield code="c">UR</subfield>
    <subfield code="h">927.44</subfield>
    <subfield code="m">&#x63A; &#x648; &#x62B; </subfield>
  </datafield>
  <datafield tag="952" ind1=" " ind2=" ">
    <subfield code="0">0</subfield>
    <subfield code="1">0</subfield>
    <subfield code="4">0</subfield>
    <subfield code="7">0</subfield>
    <subfield code="8">NFIC</subfield>
    <subfield code="a">L</subfield>
    <subfield code="b">L</subfield>
    <subfield code="d">2020-06-11</subfield>
    <subfield code="e">DBAD/PUB</subfield>
    <subfield code="g">500.00</subfield>
    <subfield code="l">0</subfield>
    <subfield code="o">927.44 &#x63A; &#x648; &#x62B;</subfield>
    <subfield code="p">U-9341</subfield>
    <subfield code="r">2020-06-11 00:00:00</subfield>
    <subfield code="t">1</subfield>
    <subfield code="v">500.00</subfield>
    <subfield code="w">2020-06-11</subfield>
    <subfield code="y">UR</subfield>
  </datafield>
</record>
